| 000 | 00882nam a22002417a 4500 | ||
|---|---|---|---|
| 005 | 20140520110023.0 | ||
| 008 | 121212b ph ||||| |||| 00| 0 eng d | ||
| 100 | _aLandry, Ed | ||
| 245 |
_aLight in the shadows : _cby Ed Landry _bmaking sense of the Old Testament priests, sacrifices and feasts / |
||
| 250 | _arev. ed, cf version 5.0 | ||
| 260 |
_aQuezon City : _bChristian Growth Ministries, _c2011. |
||
| 300 |
_a198 p. : _bill. ; _c22 cm. |
||
| 500 | _aThis is a special edition produced for Project CLAIM. | ||
| 630 |
_aBible. _pO.T. _pTheology. |
||
| 650 |
_aCovenants _xBiblical teaching. |
||
| 650 |
_aCovenants _xReligious aspects _xChristianity. |
||
| 650 | _aArk of the Covenant | ||
| 650 | _aTemple | ||
| 650 | _aFasts and feasts in the Bible. | ||
| 650 |
_aPriests, Jewish _xBiblical teaching. |
||
| 650 | _aTemple of Jerusalem (Jerusalem) | ||
| 942 |
_2lcc _cBK |
||
| 999 |
_c29093 _d29093 |
||